Statistiques concernant Carte - Clubs de Football

Cliquez ici pour prendre le quiz!

Statistiques générales

  • Ce quiz a été pris 196 fois
    (192 depuis la dernière actualisation)
  • Le résultat moyen est 29 sur 45

Réponses sur la Carte

Les réponses sont colorées sur une échelle allant du rouge au vert en fonction du pourcentage des utilisateurs qui les ont devinées à leur premier essai. Vous pouvez retrouver ces pourcentages ci-dessous.
 

Statistiques - réponses

Réponse% Correct
Paris Saint-Germain
84%
AEK Athènes
83%
Real Madrid
83%
Olympique Lyonnais
81%
FC Barcelone
80%
Toulouse FC
79%
Olympique de Marseille
78%
FC Nantes
77%
FC Séville
75%
Young Boys
74%
Zénith Saint-Pétersbourg
74%
LOSC Lille
72%
Real Sociedad
72%
Shakhtar Donetsk
72%
Celtic Glasgow
70%
CSKA Moscou
70%
Legia Varsovie
70%
Sparta Prague
70%
Valence CF
70%
FC Copenhague
69%
AC Milan
68%
Antwerp
68%
FC Porto
68%
Ajax Amsterdam
66%
AS Rome
66%
OGC Nice
66%
Bayern Munich
65%
SC Braga
64%
Naples
63%
Juventus Turin
60%
Fiorentina
58%
Benfica SL
57%
Arsenal
56%
AS Monaco
52%
Brighton Hove Albion
52%
Liverpool
52%
PSV Eindhoven
51%
Eintracht Francfort
50%
Newcastle United
50%
Aston Villa
48%
Manchester City
48%
RC Lens
48%
RB Leipzig
46%
Bayer Leverkusen
40%
Borussia Dortmund
39%

Distribution des résultats

Percentile par nombre de réponses

% des personnes avec chaque résultat

Votre développement - résultats

Vous n’avez pas pris ce quiz depuis la dernière actualisation